000 00468nam a2200181 a 4500
001 1771063879197
003 YourLibrary
005 20260214154420.0
008 260214s2010##################000#0#eng##
020 _a9781849711760
082 0 4 _a307.76
_bHAB
245 1 0 _aState of the World's Cities 2010/2011 :
260 _bUn-habitat,
_c2010.
300 _a248 pages
650 0 _aCities and towns.
942 _cENGLISH
040 _aYourLibrary
_beng
_cYourLibrary
999 _c612421
_d612421